[Event "zt 2.5"]
[Site "Asuncion PAR"]
[Date "2011.05.20"]
[Round "5"]
[White "Peralta,E"]
[Black "Toniutti,E"]
[Result "0-1"]
[WhiteElo "2237"]
[BlackElo "2133"]

1.Nf3 d5 2.g3 c6 3.Bg2 Bg4 4.d4 Nd7 5.Nbd2 e6 6.e4 dxe4 7.Nxe4 Ngf6 8.Nxf6+ Nxf6
9.O-O Be7 10.c3 O-O 11.Qb3 Qb6 12.Ne5 Bf5 13.Bg5 Rfd8 14.g4 Qxb3 15.axb3 Bc2
16.b4 a6 17.Rfe1 h6 18.Bh4 Kf8 19.f4 Nd7 20.Bxe7+ Kxe7 21.Nc4 Rab8 22.f5 Nf8
23.d5 cxd5 24.Ne3 Be4 25.fxe6 Nxe6 26.Nf5+ Kf8 27.Bxe4 dxe4 28.Rxe4 Rd2 29.Rf1 Rxb2
30.h4 Rd8 31.Ne3 Kg8 32.Rf2 Rdd2 33.Rxd2 Rxd2 34.Rc4 g6 35.h5 Kg7 36.Nf1 Re2
37.Ng3 Rc2 38.hxg6 Kxg6 39.Ne4 Ng5 40.Nxg5 Kxg5 41.Rc7 b5 42.Rxf7 Rxc3 43.Kf2 Rb3
44.Rg7+ Kf4 45.Rg6 Rb2+ 46.Ke1 Rxb4 47.Rxa6 Kg5 48.Rb6 Re4+ 49.Kf2 b4 50.Kf3 Rf4+
51.Ke3 Rxg4 52.Rb8 h5 53.Rb7 Kh4 54.Rb5 Rc4 55.Kf3 Rc3+ 56.Kf4 b3 57.Rb4 Rg3
58.Rb8 Kh3 59.Rb5 Kh4  0-1

[Event "ch-Siberia Men"]
[Site "Barnaul RUS"]
[Date "2011.05.20"]
[Round "1"]
[White "Ostapenko,D"]
[Black "Kurash,Alexander"]
[Result "1-0"]
[WhiteElo "2309"]
[BlackElo "1855"]

1.Nf3 d5 2.g3 Nf6 3.Bg2 c6 4.O-O Bf5 5.d3 Nbd7 6.Nbd2 e5 7.Re1 Bc5 8.e4 dxe4
9.dxe4 Be6 10.h3 h6 11.Nh4 O-O 12.Nf5 Nb6 13.Qf3 Bxf5 14.Qxf5 Re8 15.Nf1 Nc4
16.Qf3 Nd6 17.Qe2 Qb6 18.Nd2 Qb5 19.Qf3 Re6 20.Nb3 Ndxe4 21.Rxe4 Nxe4 22.Qxe4 Rd8
23.Nxc5 Rd1+ 24.Kh2 Qxc5 25.Be3 Qd6 26.Rxd1 Qxd1 27.Bxa7 Qa1 28.Qb4 b5 29.a3 Qd1
30.c4 bxc4 31.Qxc4 Qe1 32.Bxc6 e4 33.Bd5 e3 34.Bxe3 Rxe3 35.fxe3  1-0

[Event "ch-BUL Seniors"]
[Site "Sofia BUL"]
[Date "2011.05.20"]
[Round "9.6"]
[White "Kolev,Vel"]
[Black "Ribarov,P"]
[Result "0-1"]
[WhiteElo "1936"]
[BlackElo "2068"]

1.Nf3 d5 2.g3 Nf6 3.Bg2 Bg4 4.h3 Bh5 5.d3 e6 6.Nbd2 Bd6 7.O-O O-O 8.Qe1 c6
9.e4 dxe4 10.dxe4 e5 11.g4 Bg6 12.Nh4 Nbd7 13.Nxg6 hxg6 14.Nc4 Bc7 15.Bg5 Qe7
16.Na5 Rab8 17.Be3 Bb6 18.Nb3 Rfd8 19.Rd1 Nf8 20.Qe2 Ne6 21.Rxd8+ Rxd8 22.Bc1 g5
23.Rd1 Nf4 24.Rxd8+ Qxd8 25.Bxf4 gxf4 26.Kh2 g5 27.f3 Qd6 28.Bf1 Be3 29.Qd3 Qb4
30.c3 Qb6 31.Kh1 Bf2 32.Kg2 Bg3 33.Qe2 Nd7 34.Kh1 a5 35.a4 Qxb3  0-1

[Event "XXX Zalakaros Open"]
[Site "Zalakaros HUN"]
[Date "2011.05.20"]
[Round "1"]
[White "Webersberger,J"]
[Black "Varga,Me"]
[Result "1/2-1/2"]
[WhiteElo "2386"]
[BlackElo "2125"]

1.Nf3 d5 2.g3 Nf6 3.Bg2 c6 4.O-O Bf5 5.d3 e6 6.Nfd2 Nbd7 7.e4 dxe4 8.dxe4 Bg6
9.Qe2 Qc7 10.Nc3 e5 11.Nb3 a5 12.a4 Nc5 13.Bg5 Nxb3 14.cxb3 Nd7 15.Rfd1 Nc5
16.Bh3 Bd6 17.Be3 O-O 18.Qc4 Na6 19.Rd2 Kh8 20.Rad1 Rad8 21.Bf5 Bh5 22.g4 Bg6
23.Kg2 Bxf5 24.exf5 f6 25.Ne4 Bb4 26.Rxd8 Rxd8 27.Qf7 Qxf7 28.Rxd8+ Bf8 29.Bc5 Nxc5
30.Nxc5 Qe7 31.Ne6 Kg8 32.Kf3 Qb4 33.Rxf8+ Qxf8 34.Nxf8 Kxf8 35.Ke4 Ke7 36.Kd3 b5
37.b4 axb4 38.axb5 cxb5 39.b3 Kd6 40.Ke4 Kc5 41.f3 Kd6 42.Ke3 Kd5 43.Kd3  1/2-1/2

[Event "XXX Zalakaros Open"]
[Site "Zalakaros HUN"]
[Date "2011.05.20"]
[Round "1"]
[White "Ianov,V"]
[Black "Pesek,Ra"]
[Result "1-0"]
[WhiteElo "2301"]
[BlackElo "2067"]

1.g3 d5 2.Nf3 Nf6 3.Bg2 g6 4.b3 Bg7 5.Bb2 O-O 6.c4 c6 7.O-O Bf5 8.d3 Qc8
9.Nbd2 Bh3 10.Qc2 Bxg2 11.Kxg2 e6 12.Rfd1 Nbd7 13.e4 dxe4 14.dxe4 Qc7 15.c5 Qa5
16.Rac1 Rfd8 17.Bd4 Ng4 18.Nc4 Qc7 19.Bxg7 Kxg7 20.Qc3+ Kg8 21.Nd6 b6 22.b4 a5
23.Nxf7 Kxf7 24.Ng5+ Kg8 25.Nxe6 Qe5 26.Qxe5 Ngxe5 27.Nxd8 Rxd8 28.cxb6 axb4
29.f4 Ng4 30.Rd2 h5 31.b7 Ngf6 32.Rxc6  1-0

[Event "4th Beirut Open"]
[Site "Beirut LIB"]
[Date "2011.05.21"]
[Round "8.6"]
[White "Sohib,O"]
[Black "Hamad,Ah"]
[Result "1/2-1/2"]
[WhiteElo "2093"]
[BlackElo "2271"]

1.Nf3 d5 2.g3 Bg4 3.Bg2 Nd7 4.d4 c6 5.c4 dxc4 6.O-O e6 7.a4 a5 8.Qc2 Bxf3
9.Bxf3 Nb6 10.Rd1 Bb4 11.Na3 Bxa3 12.Rxa3 Nf6 13.Bg5 h6 14.Bxf6 gxf6 15.b3 Qe7
16.Raa1 cxb3 17.Qxb3 Nd5 18.Bxd5 exd5 19.Rab1 Rb8 20.Qf3 Qe4 21.Qxf6 O-O
22.Qxh6 Qxe2 23.Qg5+ Kh8 24.Qh6+ Kg8 25.Qg5+ Kh8  1/2-1/2

[Event "46th Capablanca Memorial Open A"]
[Site "Havana CUB"]
[Date "2011.05.21"]
[Round "10.21"]
[White "Obregon Rivero,J"]
[Black "Estrada Nieto,J"]
[Result "1/2-1/2"]
[WhiteElo "2445"]
[BlackElo "2316"]

1.Nf3 d5 2.g3 Nf6 3.Bg2 c6 4.O-O Bg4 5.b3 Nbd7 6.Bb2 e6 7.d3 Bd6 8.Nbd2 O-O
9.h3 Bh5 10.e4 dxe4 11.dxe4 Bb4 12.g4 Bg6 13.a3 Bc5 14.Qe2 a5 15.c4 h5 16.Ne1 hxg4
17.hxg4 e5 18.Nd3 Qe7 19.Rfd1 Nh7 20.Nf3 f6 21.Nh4 Qf7 22.b4 Bb6 23.c5 Bc7
24.Ne1 Rfd8 25.Qc2 Nhf8 26.Bf1 Qe8 27.Nxg6 Nxg6 28.Bc4+ Kh8 29.f3 Ndf8 30.Qh2+ Nh7
31.Nd3 b5 32.Bb3 a4 33.Ba2 Rd7 34.Qh5 Rad8 35.Nf2 Rxd1+ 36.Rxd1 Rxd1+ 37.Nxd1 Qd7  1/2-1/2

[Event "46th Capablanca Memorial Open A"]
[Site "Havana CUB"]
[Date "2011.05.21"]
[Round "10.4"]
[White "Bacallao Alonso,Y"]
[Black "Alarcon Casellas,Rol"]
[Result "1/2-1/2"]
[WhiteElo "2530"]
[BlackElo "2448"]

1.Nf3 d5 2.g3 Nf6 3.Bg2 c6 4.O-O Bf5 5.c4 e6 6.cxd5 exd5 7.d3 h6 8.Nc3 Be7
9.Nd4 Bh7 10.e4 O-O 11.Re1 Na6 12.Bf4 dxe4 13.dxe4 Qb6 14.Nb3 Nb4 15.Be3 Qd8
16.Qe2 Qd3 17.Rad1 Qxe2 18.Rxe2 Rfd8 19.Red2 Rxd2 20.Rxd2 Rd8 21.Rxd8+ Bxd8
22.Bxa7 Nd7 23.Bh3 Ne5 24.Nc5 b5 25.Nd7 Nf3+ 26.Kh1 Nd2 27.Bg2 Nd3 28.e5 Nxb2
29.Bxc6 b4 30.Nb5 Bf5 31.Nd4 Bh3 32.f4 Nd3 33.Nc5 Nf2+ 34.Kg1 Nd1 35.Nd3 Be7
36.Bb8 Bf1 37.Bd6 Bd8 38.Nxb4 Bb6 39.Nc2 Ne3 40.Nxe3 Bxd4 41.Kf2 Bc4 42.Bg2 Ba6
43.Ba3 Bxe3+ 44.Kxe3 Nc4+ 45.Kd4 Nxa3 46.Kc5 Kf8 47.Be4 Be2 48.Kb4 Nb5 49.a4 Nc7
50.Kc5 Ke7 51.a5 f6 52.Kb6 Na6 53.exf6+ Kxf6 54.Bb7 Nb4 55.Bc8 h5 56.h3 Bf1
57.Kc5 Na6+ 58.Kd6 g6 59.g4 h4 60.g5+ Kf7 61.Be6+ Kg7 62.Ke5 Nc5 63.Bc8 Nd3+
64.Ke4 Nb4 65.Kf3 Nc6 66.a6 Na7 67.Bd7 Bxa6 68.Kg4 Bc8 69.Bxc8 Nxc8 70.Kxh4 Kf7
71.Kg4 Ne7 72.h4 Ke6  1/2-1/2

[Event "Orlova Open"]
[Site "Orlova CZE"]
[Date "2011.05.21"]
[Round "1"]
[White "Mirumian,V"]
[Black "Folwarczny,Marek"]
[Result "1-0"]
[WhiteElo "2513"]
[BlackElo "1605"]

1.Nf3 d5 2.g3 Nf6 3.Bg2 Nc6 4.d4 Bf5 5.O-O e6 6.c4 Be7 7.cxd5 exd5 8.Nc3 O-O
9.Bf4 Bd6 10.Bg5 Be6 11.Bxf6 Qxf6 12.e4 dxe4 13.Nxe4 Qf5 14.Nh4 Qb5 15.d5 Rad8
16.dxe6 Bxg3 17.Qg4 Bxh4 18.exf7+ Rxf7 19.Qxh4 Rd4 20.Rae1 Qxb2 21.Ng5 h6
22.Re8+  1-0

[Event "63rd ch-MNE"]
[Site "Tivat MNE"]
[Date "2011.05.21"]
[Round "1.5"]
[White "Vujacic,I"]
[Black "Kalezic,B"]
[Result "0-1"]
[WhiteElo "2194"]
[BlackElo "2457"]

1.Nf3 d5 2.g3 c6 3.Bg2 Bg4 4.O-O Nd7 5.d3 Ngf6 6.Nbd2 e5 7.e4 dxe4 8.dxe4 Bc5
9.h3 Bh5 10.Qe1 O-O 11.Nc4 Re8 12.a4 a5 13.Bg5 Qc7 14.Nh4 h6 15.Bd2 b6 16.g4 Bg6
17.Nxg6 fxg6 18.g5 hxg5 19.Bxg5 Nf8 20.Be3 Ne6 21.Bxc5 Nxc5 22.Qe3 Nh5 23.b4 axb4
24.a5 Qe7 25.axb6 Nf4 26.Kh2 Kh7 27.Ra5 Rxa5 28.Nxa5 Nce6 29.Nxc6 Qd6 30.Na5 Nd4
31.c3 bxc3 32.Qxc3 Qxb6 33.Rc1 Nde2 34.Qc5 Qf6 35.Rc2 Qg5  0-1

[Event "XXX Zalakaros Open"]
[Site "Zalakaros HUN"]
[Date "2011.05.21"]
[Round "2"]
[White "Varga,Me"]
[Black "Sax,G"]
[Result "0-1"]
[WhiteElo "2125"]
[BlackElo "2513"]

1.Nf3 d5 2.g3 c6 3.Bg2 Nf6 4.O-O Bg4 5.d4 Nbd7 6.Nbd2 e6 7.Re1 Be7 8.e4 O-O
9.e5 Ne8 10.Nf1 Bh5 11.h4 Nc7 12.N1h2 f5 13.exf6 Nxf6 14.Bf4 Ne4 15.Qc1 c5
16.Ng5 Nxg5 17.hxg5 cxd4 18.Bxc7 Qxc7 19.Rxe6 Bc5 20.f4 Bf7 21.Re1 Rac8 22.Ng4 Bb4
23.Re5 Rfd8 24.a3 Ba5  0-1

[Event "20th Croatian Cup"]
[Site "Sibenik CRO"]
[Date "2011.05.22"]
[Round "6.61"]
[White "Dizdarevic,E"]
[Black "Sertic,Ru"]
[Result "1/2-1/2"]
[WhiteElo "2493"]
[BlackElo "2401"]

1.Nf3 d5 2.g3 g6 3.d4 Bg7 4.Bg2 Nh6 5.O-O Nf5 6.c3 O-O 7.Nbd2 Nd6 8.Re1 f5
9.Ne5 e6 10.Ndf3 Nd7 11.Nd3 c6 12.a4 Nf7 13.h4 e5 14.Nfxe5 Ndxe5 15.Nxe5 Nxe5
16.dxe5 Bxe5 17.Bh6 Re8 18.e3 Bf6 19.a5 Be6 20.Qa4 Qc8 21.Qb4 Kf7 22.Red1 Be7
23.Qa4 Bf6 24.Qb4 Be7 25.Qb3 b5 26.axb6 Qb7  1/2-1/2

[Event "XXX Zalakaros Open"]
[Site "Zalakaros HUN"]
[Date "2011.05.22"]
[Round "3"]
[White "Vukovic,Ivo"]
[Black "Berczes,D"]
[Result "0-1"]
[WhiteElo "2221"]
[BlackElo "2531"]

1.Nf3 d5 2.g3 g6 3.Bg2 Bg7 4.d4 Nf6 5.O-O O-O 6.Nbd2 a5 7.Re1 a4 8.a3 c5
9.e3 Nc6 10.c3 Bf5 11.h3 Ne4 12.Nxe4 Bxe4 13.b4 axb3 14.Qxb3 Qd7 15.Nd2 Na5
16.Qb6 Bxg2 17.Kxg2 Rfc8 18.Rb1 Qf5 19.Qb2 Qd3 20.Nb3 Nc4 21.Qa2 b6 22.Nd2 Qxc3
23.Nxc4 dxc4 24.Rd1 cxd4 25.exd4 Qa5 26.Qc2 Qd5+ 27.Kg1 b5 28.Qc3 Rd8 29.Be3 e6
30.Ra1 Rd7 31.Rab1 e5  0-1

[Event "1st Alimini Village Open"]
[Site "Alimini ITA"]
[Date "2011.05.24"]
[Round "5"]
[White "Brunello,S"]
[Black "Korneev,O"]
[Result "1-0"]
[WhiteElo "2537"]
[BlackElo "2573"]

1.Nf3 d5 2.g3 c6 3.c4 Nf6 4.Bg2 dxc4 5.O-O Nbd7 6.Na3 Nb6 7.Qc2 Be6 8.Ne5 Qd4
9.Nxc6 bxc6 10.Bxc6+ Bd7 11.Bxa8 Nxa8 12.Nxc4 Nb6 13.Nxb6 Qxb6 14.d3 Nd5
15.e4 Nb4 16.Qc3 e6 17.Be3 Qb7 18.a3 Nc6 19.d4 Bd6 20.d5 exd5 21.exd5 Ne5
22.f4 Ng4 23.Qxg7 Rf8 24.Rfe1 Kd8 25.Bd4 Kc8 26.Rac1+ Kb8 27.h3 Qxd5 28.hxg4 Bc6
29.Rxc6 Qxc6 30.Bf2 Re8 31.Rxe8+ Qxe8 32.Qxh7 Bc5 33.Bxc5 Qe1+ 34.Kg2 Qe4+
35.Qxe4  1-0

[Event "1st Alimini Village Open"]
[Site "Alimini ITA"]
[Date "2011.05.24"]
[Round "5"]
[White "Altini,N"]
[Black "Coimbra,M"]
[Result "1-0"]
[WhiteElo "2206"]
[BlackElo "2110"]

1.Nf3 d5 2.g3 c6 3.Bg2 Nf6 4.c4 e6 5.b3 Nbd7 6.Bb2 Be7 7.O-O O-O 8.d4 b6
9.Nbd2 Ba6 10.Re1 c5 11.e4 Rc8 12.Qe2 dxc4 13.Nxc4 cxd4 14.Nxd4 Nc5 15.Red1 Qc7
16.Rac1 Qb8 17.e5 Nd5 18.Qg4 Bxc4 19.bxc4 Nb4 20.Qe2 Nxa2 21.Ra1 Nb4 22.Bc3 Nca6
23.Nb5 Rcd8 24.Rdb1 Bc5 25.Nxa7 Qc7 26.Nb5 Qe7 27.Nd6 f6 28.Nb7 Rd7 29.exf6 gxf6
30.Nxc5 bxc5 31.Re1 Rd6 32.Be4 Qg7 33.Qh5 e5 34.Rad1 Rdd8 35.Qf5 Kh8 36.f4 Rxd1
37.Rxd1 Nb8 38.fxe5 fxe5 39.Bxe5 Rxf5 40.Rd8+  1-0

[Event "ch-Siberia Men"]
[Site "Barnaul RUS"]
[Date "2011.05.24"]
[Round "5"]
[White "Glushkov,Oleg"]
[Black "Efanov,Mikhail"]
[Result "1-0"]
[WhiteElo "1848"]
[BlackElo "1948"]

1.Nf3 d5 2.g3 Nf6 3.Bg2 Bf5 4.d3 h6 5.Nbd2 e6 6.O-O Be7 7.Re1 O-O 8.c4 c6
9.b3 a5 10.Bb2 a4 11.e4 dxe4 12.dxe4 Bh7 13.Bc3 Na6 14.e5 Nd7 15.Ne4 Ndc5
16.Nd6 Nd3 17.Re3 Ndb4 18.Ne1 a3 19.Be4 Bxe4 20.Rxe4 c5 21.Re2 Qb6 22.Rd2 Rfd8
23.Qg4 g6 24.Rad1 Nc7 25.Qf4 Rf8 26.Qxh6 Ne8 27.Ne4 Ra7 28.Nf3  1-0

[Event "Nis Open 2011"]
[Site "Nis SRB"]
[Date "2011.05.24"]
[Round "1.5"]
[White "Zivkovic,Zivojin"]
[Black "Djukic,Z SRB"]
[Result "0-1"]
[WhiteElo "2024"]
[BlackElo "2382"]

1.Nf3 d5 2.g3 c6 3.Bg2 Bf5 4.O-O h6 5.d3 Nf6 6.Nbd2 e6 7.c4 Bc5 8.a3 a5 9.Qc2 Nbd7
10.b3 O-O 11.Bb2 Qe7 12.Qc3 Rfc8 13.e4 Bh7 14.e5 Ne8 15.d4 Ba7 16.c5 b6 17.b4 Nc7
18.Nh4 Rab8 19.f4 Rb7 20.Rac1 Rcb8 21.Ba1 axb4 22.axb4 bxc5 23.bxc5 Rb4 24.Qe3 Nb5
25.Kh1 Nf8 26.Bh3 Ra4 27.Rf2 Na3 28.f5 exf5 29.Bxf5 Ne6 30.Bxh7+ Kxh7 31.Rcf1 Nd8
32.Ndf3 g6 33.Ng1 Nc4 34.Qf4 Qg5 35.Qf6 Ne3 36.Nh3 Qxf6 37.Rxf6 Nxf1 38.Rxf1 Rb3
39.Nf2 Ra2 40.Ng4 Rba3 41.Nf6+ Kh8 42.Bc3 Rxc3 43.Nd7 Rcc2 44.Nxg6+ fxg6
45.Rf8+ Kg7  0-1

[Event "1st Alimini Village Open"]
[Site "Alimini ITA"]
[Date "2011.05.26"]
[Round "7"]
[White "Lazic,Mir"]
[Black "Adrian,C"]
[Result "1-0"]
[WhiteElo "2471"]
[BlackElo "2267"]

1.g3 d5 2.Nf3 Nf6 3.Bg2 c5 4.O-O g6 5.d3 Bg7 6.Nbd2 O-O 7.e4 Nc6 8.Re1 Qc7
9.Qe2 e5 10.exd5 Nxd5 11.Nb3 Rd8 12.Nxc5 Ncb4 13.a3 Qxc5 14.axb4 Nxb4 15.Bd2 e4
16.dxe4 Bxb2 17.Bxb4 Qxb4 18.Reb1 Be6 19.c3 Qxc3 20.Rxb2 a5 21.Qc2 Qxc2 22.Rxc2 b5
23.Bf1 b4 24.Bb5 Bb3 25.Rb2 a4 26.Bc6 Ra6 27.Bd5 Bxd5 28.exd5 Rb8 29.Nd4 Rb7
30.Kf1 b3 31.Ke2 Kf8 32.Kd3 Ke7 33.Ra3 Kd6 34.Rbxb3 Rxb3+ 35.Nxb3 Kxd5 36.Nd4 Kc5
37.Kc3 h5 38.h4 f6 39.Ra1 g5 40.Kd3 Kd5 41.f4 gxh4 42.gxh4 Ra8 43.Nb5 Rg8
44.Rxa4 Rg4 45.Nc3+ Ke6 46.Ne2 Kf7 47.Ke4 Rxh4 48.Kf5 Kg7 49.Ra7+ Kh6 50.Ke4  1-0

[Event "Nis Open 2011"]
[Site "Nis SRB"]
[Date "2011.05.26"]
[Round "3.11"]
[White "Zivkovic,Zivojin"]
[Black "Lukic,I"]
[Result "0-1"]
[WhiteElo "2024"]
[BlackElo "2136"]

1.Nf3 d5 2.g3 c5 3.Bg2 Nc6 4.d3 e5 5.O-O Nf6 6.Nbd2 Be7 7.e4 O-O 8.a4 a6
9.h3 dxe4 10.dxe4 Qc7 11.c3 b6 12.Qc2 Bb7 13.Nc4 b5 14.Na3 b4 15.Nc4 a5 16.Re1 Rfd8
17.Ne3 Rd7 18.Nd5 Qd8 19.Be3 Rc8 20.Rad1 Nxd5 21.exd5 Nd4 22.Bxd4 exd4 23.c4 Bf6
24.h4 Rcc7 25.Ne5 Rd6 26.Nd3 Bc8 27.Be4 g6 28.Bf3 Bf5 29.Be4 Bc8 30.b3 Kg7
31.Rd2 Rb6 32.f4 Qd6 33.Bf3 Bf5 34.Be4 Bd7 35.Rh2 h5 36.Rf2 Rc8 37.Qe2 Re8
38.Qf3 Bg4 39.Qg2 Rbb8 40.Kh2 Re7 41.Rff1 Rbe8 42.Bf3 Bf5 43.Rxe7 Rxe7 44.Nf2 Re3
45.Be4 Bg4 46.Bc2 Be2 47.Ne4 Bxf1 48.Qxf1 Qe7 49.Qb1 Bxh4  0-1

[Event "Orlova WGM"]
[Site "Orlova CZE"]
[Date "2011.05.26"]
[Round "6.3"]
[White "Szczepkowska Horowska,K"]
[Black "Jakubiec,E"]
[Result "1-0"]
[WhiteElo "2336"]
[BlackElo "2206"]

1.Nf3 d5 2.g3 g6 3.Bg2 Bg7 4.O-O e5 5.d3 Ne7 6.Nbd2 O-O 7.e4 c6 8.c3 Qc7
9.Re1 Nd7 10.Nb3 Rd8 11.Qc2 b6 12.Bg5 f6 13.Be3 dxe4 14.dxe4 Nf8 15.Nbd2 Be6
16.Bf1 c5 17.b3 h6 18.a4 f5 19.exf5 gxf5 20.Nc4 f4 21.Bd2 Bf5 22.Qc1 Neg6
23.Bg2 Ne6 24.g4 Bxg4 25.Qc2 e4 26.Qxe4 Qf7 27.Nfe5 Nxe5 28.Nxe5 Bxe5 29.Qxe5 f3
30.Qe4 h5 31.Bf1 Rac8 32.Rad1 Qg7 33.Kh1 Re8 34.h3 Nc7 35.Qf4 Be6 36.Re5 Rf8
37.Qh2 Qf7 38.Rg5+ Kh7 39.Bd3+  1-0

[Event "1st Alimini Village Open"]
[Site "Alimini ITA"]
[Date "2011.05.27"]
[Round "8"]
[White "Brunello,S"]
[Black "Kogan,Ar"]
[Result "1/2-1/2"]
[WhiteElo "2537"]
[BlackElo "2556"]

1.Nf3 d5 2.g3 Bg4 3.Bg2 c6 4.c4 e6 5.cxd5 Bxf3 6.Bxf3 cxd5 7.O-O Nc6 8.d3 Nf6
9.Nc3 Be7 10.Bg2 O-O 11.h3 Rc8 12.Kh2 a6 13.a3 Nd7 14.f4 b5 15.e4 dxe4  1/2-1/2

[Event "1st Alimini Village Open"]
[Site "Alimini ITA"]
[Date "2011.05.27"]
[Round "8"]
[White "Lazic,Mir"]
[Black "Shytaj,L"]
[Result "0-1"]
[WhiteElo "2471"]
[BlackElo "2494"]

1.Nf3 d5 2.g3 c6 3.Bg2 Nf6 4.O-O Bg4 5.d3 Nbd7 6.Nbd2 e5 7.e4 dxe4 8.dxe4 Bc5
9.h3 Bxf3 10.Qxf3 h5 11.Nb3 h4 12.Nxc5 Nxc5 13.g4 Ne6 14.Be3 Nh7 15.Qf5 Qc7
16.Rfd1 g6 17.Qf3 Qe7 18.Rd2 Nhg5 19.Qe2 O-O 20.f3 Rfd8 21.Rad1 Rxd2 22.Rxd2 Rd8
23.Qd1 Rxd2 24.Qxd2 Qf6 25.Qd1 Nf4 26.Kh2 a6 27.Bf1 Kg7 28.a4 Nfe6 29.Bg2 Nf4
30.Bf1 Qe7 31.c3 Qe6 32.b3 Qf6 33.Bg2 a5 34.Bb6 Nfxh3 35.Bxh3 Qf4+ 36.Kh1 Nxh3  0-1

[Event "1st Alimini Village Open"]
[Site "Alimini ITA"]
[Date "2011.05.27"]
[Round "8"]
[White "Laketic,G"]
[Black "Prakken,G"]
[Result "1-0"]
[WhiteElo "2442"]
[BlackElo "2212"]

1.Nf3 d5 2.g3 Nf6 3.Bg2 e6 4.O-O Be7 5.d3 c5 6.Nbd2 Nc6 7.e4 Qc7 8.Re1 b6
9.Nf1 dxe4 10.dxe4 Bb7 11.c3 Rd8 12.Qe2 h6 13.e5 Nh7 14.h4 Qd7 15.Qc4 O-O
16.Qg4 Kh8 17.Bf4 Ba6 18.Rad1 Qc8 19.Rxd8 Rxd8 20.N3h2 Bf8 21.Nd2 Ne7 22.Ne4 Nf5
23.Qh3 h5 24.Bf3 g6 25.g4 Ng7 26.gxh5 gxh5 27.Nf6 Bb7 28.Qg2 Bxf3 29.Qxf3 c4
30.Nxh7 Kxh7 31.Bg5 Rd3 32.Qxf7 Bc5 33.Nf3 Qf8 34.Qxf8 Bxf8 35.Be3 Bc5 36.Ng5+ Kg6
37.Bxc5 bxc5 38.Re4 Rd2 39.Rf4 Nf5 40.Nxe6  1-0

[Event "TCh-SLO"]
[Site "Ljubljana SLO"]
[Date "2011.05.27"]
[Round "1"]
[White "Srebrnic,V"]
[Black "Brusnjak,Saso"]
[Result "1/2-1/2"]
[WhiteElo "2227"]
[BlackElo "2083"]

1.Nf3 d5 2.g3 c5 3.Bg2 Nc6 4.d4 Bf5 5.O-O Qd7 6.c4 cxd4 7.Nxd4 Be4 8.Bxe4 dxe4
9.Nxc6 Qxc6 10.Qb3 e5 11.Be3 Nf6 12.Nc3 Ng4 13.Qb5 Nxe3 14.fxe3 Bc5 15.Qxc6+ bxc6
16.Nxe4 Bxe3+ 17.Kg2 O-O 18.Rad1 f5 19.Nd6 g6 20.b4 Bd4 21.Rd3 a5 22.e3 Bb6
23.c5 Ba7 24.a3 Rab8 25.Ra1 Rfd8 26.Rc3 Rd7 27.Rb1 axb4 28.Rxb4 Rxb4 29.axb4 Bb8
30.Nc4 Kf7 31.Kf2 Rd1 32.Na5 Rd2+ 33.Ke1 Rb2 34.Nxc6 Bc7 35.Kd1 Ke6 36.Kc1 Rxh2
37.b5 Rh1+ 38.Kc2 Rh2+ 39.Kb3 Rh1 40.b6 Bxb6 41.cxb6 Rb1+ 42.Kc4 Rxb6 43.Nb4 f4
44.e4 Rd6 45.Nd5 Rc6+ 46.Kd3 Rxc3+ 47.Nxc3 fxg3 48.Ke3 h5 49.Kf3 h4 50.Kg4 g5
51.Ne2 g2 52.Ng1 Kd6 53.Kxg5 Kc5 54.Kf5 Kd4 55.Nh3 Ke3 56.Kg4 Kxe4 57.Kxh4 Kd5  1/2-1/2

[Event "Zonal 3.3"]
[Site "Tagaytay City PHI"]
[Date "2011.05.27"]
[Round "5"]
[White "Nguyen Duc Hoa"]
[Black "Torre,E"]
[Result "0-1"]
[WhiteElo "2458"]
[BlackElo "2495"]

1.Nf3 d5 2.g3 c6 3.Bg2 Bg4 4.O-O Nd7 5.d4 e6 6.Nbd2 Ngf6 7.Re1 Be7 8.e4 O-O
9.c3 c5 10.Qb3 cxd4 11.cxd4 Qb6 12.Ne5 Qxd4 13.Nxd7 Nxd7 14.Qxb7 Bc5 15.Rf1 Rfd8
16.Nb3 Qf6 17.Bf4 e5 18.Qxd5 Be6 19.Bxe5 Qe7 20.Qc6 Bxb3 21.Bc7 Rdc8 22.axb3 Ne5
23.Qd5 Qxc7 24.Rfc1 Qd6 25.Qxd6 Bxd6 26.f4 Nd3 27.Rd1 Bc5+ 28.Kf1 Nb4 29.e5 Rab8
30.Be4 Bb6 31.Rd7 Rd8 32.Rad1 Na6 33.R7d6 Nc5 34.Bd5 Kf8 35.b4 Ne6 36.Bc6 Nd4
37.Bd7 Ke7  0-1

[Event "63rd ch-MNE"]
[Site "Tivat MNE"]
[Date "2011.05.27"]
[Round "7.2"]
[White "Drasko,M"]
[Black "Kalezic,B"]
[Result "1/2-1/2"]
[WhiteElo "2474"]
[BlackElo "2457"]

1.Nf3 d5 2.g3 c6 3.Bg2 Bg4 4.O-O Nd7 5.d3 Ngf6 6.Qe1 e5 7.e4 dxe4 8.dxe4 Bc5
9.Nbd2 O-O 10.h3 Bh5 11.a4 Ne8 12.Nb3 Be7 13.Qc3 Qc7 14.Be3 a5 15.Rad1 Nef6
16.Qc4 Rfd8 17.Nbd2 h6 18.Rfe1 Rf8  1/2-1/2

[Event "XXX Zalakaros Open"]
[Site "Zalakaros HUN"]
[Date "2011.05.27"]
[Round "8"]
[White "Varga,Me"]
[Black "Kernazhitsky,L"]
[Result "0-1"]
[WhiteElo "2125"]
[BlackElo "2296"]

1.Nf3 d5 2.g3 Nf6 3.Bg2 c6 4.c4 Bg4 5.Ne5 Be6 6.cxd5 Bxd5 7.Nf3 c5 8.O-O e6
9.d3 Be7 10.Nbd2 Nbd7 11.b3 O-O 12.Bb2 b5 13.e4 Bb7 14.Qe2 Qb6 15.h4 h6 16.Nh2 Rfd8
17.e5 Bxg2 18.Kxg2 Nd5 19.Ne4 Nb4 20.Rad1 Nc6 21.Qh5 Nd4 22.Ng4 Nf5 23.Ngf6+ Bxf6
24.exf6 g6 25.Qe2 Qc6 26.Kh3 Qd5 27.g4 Nd4 28.Qe3 Kh7 29.Bc1 g5 30.hxg5 hxg5
31.Rh1 Kg6 32.Qxg5+ Qxg5 33.Bxg5 Nf3 34.Be3 Nxf6 35.Nxf6 Kxf6 36.Bxc5 Ne5
37.d4 Nc6 38.Kg3 Kg6 39.Rh5 Rd5 40.Rxd5 exd5 41.Re1 a5 42.a3 Rh8 43.Rc1 Rb8
44.f3 a4 45.bxa4 bxa4 46.Rh1 Na5 47.Rh5 Rb5 48.Rxd5 Nc4 49.Kg2 Ne3+  0-1

[Event "TCh-SLO"]
[Site "Ljubljana SLO"]
[Date "2011.05.29"]
[Round "3"]
[White "Dizdar,G"]
[Black "Ragger,M"]
[Result "1/2-1/2"]
[WhiteElo "2486"]
[BlackElo "2674"]

1.Nf3 d5 2.g3 c6 3.Bg2 Bg4 4.c4 e6 5.O-O Nf6 6.d3 Nbd7 7.cxd5 exd5 8.h3 Bh5
9.Nc3 Bd6 10.e4 O-O 11.exd5 cxd5 12.Be3 Re8 13.Qd2 Bb4 14.Nd4 Bc5 15.Rfe1 a6
16.Nb3 Bb6 17.Nxd5 Nxd5 18.Bxd5 Ne5 19.Bxb7 Qd7 20.Bg2 Bf3 21.Bxb6 Bxg2 22.Kxg2 Qb7+
23.f3 Nxf3 24.Rxe8+ Rxe8 25.Qf2 Ng5+ 26.Kh2 Nf3+ 27.Kg2 Ng5+ 28.Kh2 Nf3+
29.Kg2 Ng5+ 30.Kh2 Nf3+  1/2-1/2

[Event "Nis Open 2011"]
[Site "Nis SRB"]
[Date "2011.05.29"]
[Round "5.12"]
[White "Zivkovic,Zivojin"]
[Black "Ostojic,N2"]
[Result "0-1"]
[WhiteElo "2024"]
[BlackElo "2097"]

1.Nf3 d5 2.g3 c5 3.d3 Nc6 4.Bg2 e5 5.O-O f6 6.Nbd2 Be6 7.e4 d4 8.a4 Nge7
9.Nh4 g5 10.Qf3 Ng6 11.Nxg6 hxg6 12.Nc4 Be7 13.Qe2 Qd7 14.Re1 Bf8 15.f4 gxf4
16.gxf4 Qh7 17.Bf3 O-O-O 18.Ra3 Bh6 19.Rb3 Bxc4 20.dxc4 b6 21.Bg2 Kc7 22.Rh3 Qg7
23.Qg4 Bxf4 24.Bxf4 Rxh3 25.Bxh3 exf4 26.Qxf4+ Ne5 27.Bg2 Qh8 28.a5 Rd7 29.axb6+ Kxb6
30.Rf1 Rd6 31.Qg3 Kb7 32.Ra1 a6 33.Ra5 Rc6 34.Qb3+ Kc7 35.Ra1 Qh4 36.h3 Qg5
37.Kh2 Qf4+ 38.Kg1 Qd2 39.Rf1 Qe2 40.Rf2 Qe1+ 41.Rf1 Qd2 42.Rf2 Qb4 43.Qxb4 cxb4
44.b3 Kb6 45.Rd2 Kc5 46.Kf2 a5 47.Bf1 a4 48.bxa4 Ra6 49.Kg2 Rxa4 50.Rf2 Ra6
51.Kg3 Nxc4 52.Rf3 Ra3 53.Bd3 Ra6 54.Kf4 Rb6 55.Be2 Ne5 56.Rg3 Rb8 57.Rg1 Ra8
58.h4 Rh8 59.Kg3 d3 60.cxd3 b3 61.Rb1 Rb8 62.Bd1 b2 63.Bc2 Kd4 64.Rf1 Rb6
65.Bb1 Kc3 66.Rf2 Nxd3 67.Rf3 Rd6 68.Kg4 Kd2 69.Rg3 Ne5+ 70.Kf4 Kc1 71.Ba2 Rd3  0-1

[Event "29th Liechtenstein Open"]
[Site "Triesen LIE"]
[Date "2011.05.29"]
[Round "3.13"]
[White "Simon,Er1"]
[Black "Remensberger,P"]
[Result "0-1"]
[WhiteElo "2098"]
[BlackElo "2069"]

1.g3 d5 2.Nf3 Bg4 3.Ne5 Bf5 4.Bg2 c6 5.d4 Nf6 6.c4 e6 7.Nc3 Nbd7 8.Qb3 Qb6
9.Nxd7 Nxd7 10.Qxb6 axb6 11.e4 dxe4 12.Nxe4 Bb4+ 13.Bd2 Bxd2+ 14.Kxd2 Bxe4
15.Bxe4 Nf6 16.Bf3 O-O 17.Kc3 Ra5 18.g4 Rfa8 19.a3 b5 20.c5 Rd8 21.Rhe1 Ra4
22.b4 Nd5+ 23.Kb2 Nf4 24.Rad1 h6 25.h4 g5 26.hxg5 hxg5 27.Be4 Kg7 28.Rh1 Raa8
29.Rh7+ Kf6 30.Rh6+ Ke7 31.Rhh1 Rh8 32.Rxh8 Rxh8 33.a4 bxa4 34.Ka3 Rh2 35.Rd2 Nh3
36.b5 Rxf2 37.bxc6 bxc6 38.Rxf2 Nxf2 39.Bxc6 Nxg4 40.Bxa4 Ne3 41.Kb4 g4 42.Ka5 g3
43.Bc6 Nd5 44.Bxd5 exd5 45.c6 Kd8  0-1

[Event "Chicago Open"]
[Site "Wheeling USA"]
[Date "2011.05.29"]
[Round "6"]
[White "Jones,Cr"]
[Black "Matsenko,S"]
[Result "1/2-1/2"]
[WhiteElo "2244"]
[BlackElo "2453"]

1.Nf3 d5 2.g3 Nf6 3.Bg2 c6 4.O-O Bf5 5.d3 e6 6.Nbd2 h6 7.c4 Be7 8.a3 a5 9.b3 O-O
10.Bb2 Nbd7 11.Qc2 Bh7 12.cxd5 exd5 13.Nd4 Qb6 14.Bh3 Bc5 15.Nf5 Bxf5 16.Bxf5 Bd4
17.Bxd4 Qxd4 18.Nf3 Qb6 19.d4 Rfe8 20.e3 Re7 21.b4 Ne4 22.Rfb1 Nd6 23.Bh7+ Kf8
24.Bd3 axb4 25.Ra2 b3 26.Rxb3 Qc7 27.a4 Ree8 28.Rb4 Ra7 29.Rab2 Qd8 30.Nd2 Qe7
31.Bf5 Nf6 32.Bd3 g6 33.Nf3 Nd7 34.Kg2 Kg7 35.Nd2 h5 36.Nf3 Rea8 37.h4 Ra5
38.Ng5 Nf6 39.Rb1 Re8 40.R1b2 Ng4 41.Qb1 Ra7 42.Nh3 Rea8 43.Nf4 Qe8 44.Qc2 Nf6
45.Qb3 Nd7 46.Re2 Nf6 47.Nh3 Qd7 48.Ng5 Re8 49.Qc2 Nfe4 50.Bxe4 Nxe4 51.Nxe4 Rxe4
52.Qc5  1/2-1/2